1127 1153 1628 1185 1937 1650 1251 1711 1519 1728 1906 1493 1677 1552 1208 1471 1389 1754 1647 1608 1638 1012 1237 1981 1263 1178 1578 1403 1987 1546 1063 1530 1642 1470 1223 1873 1336 1750 1609 1330 1439 1040 1179 1271 1400 1359 1835 1917 1174 1766 1465 1258 1523 1376 1739 1004 1214 1194 1489 1558 1283 1352 1807 1595 1655 1378 1999 1923 1645 1654 1004 1560 1703 1612 1220 1080 1087 1621 1701 1876 1576 1477 1891 1096 1697 1919 1408 1920 1234 1303 1701 1958 1817 1682 1794 1875 1812 1944 1750 BCNSPRNW ULIB Ver.6.0+V

เปลี่ยนเป็นภาษาไทย

Change to English
 แสดงรายละเอียดบรรณานุกรม
  กลับหน้าหลัก

Brief Record : Get Marc (ISO 2709) : E-mail record : QR code < ปิดหน้าต่าง
LEADER : 00000nam 2200000uu 4500
001    13399114999
003     ULIB
008    120627s2552||||th 000 0 tha d
020    ^a9786110600064
090    ^aนว.^bA111จ 2552
100 0  ^aAndra
245 00 ^aหนึ่งจันทร์กลางใจ/^cAndra
250    ^aพิมพ์ครั้งที่ 2
260    ^aกรุงเทพฯ :^cแจ่มใส,^c2552
300    ^a359 หน้า
945    ^p15771^l0^i15771
995    ^aกัณชพร
999    ^aใช้งานได้ทุกระบบ
รายการนี้ยังไม่มีแท็ก
คุณยังไม่ได้ล็อกอิน คุณสามารถมีกิจกรรมร่วมกับเว็บไซต์ได้ แต่ต้องล็อกอินก่อน ::
  ล็อกอิน

รายการสื่อสารสนเทศ

ลำดับที่ ประเภท เลขเรียก/บาร์โค้ด สถานที่ สถานะ
1. นวนิยาย
นวนิยาย
นว. A111จ 2552  
  Barcode: 15771
ห้องสมุดวิทยาเขตสวรรค์ประชารักษ์
►นวนิยาย
บนชั้น
  ขอยืม

รายการใกล้เคียง
    ผู้แต่ง [Andra]

BibComment


ยังไม่เคยถูกคอมเมนท์

คอมเมนท์ทรัพยากรรายการนี้
  คอมเมนท์: หนึ่งจันทร์กลางใ..


 Copyright 2026. Bcnsprnw @Library